000 00265nam a2200109Ia 4500
005 20251222114356.0
008 251222s1900||||xx |||||||||||||| ||spa||
082 _aDVD0092/G25/2000
245 0 _aIslam: imperio de la fe.
264 _bGardner, Robert A.
942 _cDVD
999 _c1459
_d1459